Catalog

Record Details

Catalog Search



A Scandalous Prophet : The Way of Mission after Newbigin Cover Image Book Book

A Scandalous Prophet : The Way of Mission after Newbigin Thomas F. Foust, George R. Hunsberger, J. Andrew Kirk ; Werner Ustorf

Foust, Thomas F. (Author). Hunsberger, George R. (Added Author). Kirk, J.Andrew (Added Author).

Record details

  • ISBN: 0-8028-4956-3
  • Physical Description: 325 p.
  • Publisher: Grand Rapids, Michigan / Cambridge, U.K. William B. Eerdmans Publishing Company 2002

Available copies

  • 1 of 1 copy available at Common Catalog SPOK.

Holds

  • 0 current holds with 1 total copy.
Show Only Available Copies
Location Call Number / Copy Notes Barcode Shelving Location Status Due Date
ETS Library 266 424470011715 Volný výběr Available -

LDR 00846nam a2 00265
00133699
003CZ-PrJAB
00520090722000000.0
008090722s2002 xxu e |||| |eng
009us
020 . ‡a0-8028-4956-3
035 . ‡a(CONS)8114
035 . ‡aKPS13093
040 . ‡aABG450
041 . ‡aeng
08214. ‡a266
100 . ‡76884 ‡aFoust, Thomas F.
245 . ‡aA Scandalous Prophet : ‡bThe Way of Mission after Newbigin ‡cThomas F. Foust, George R. Hunsberger, J. Andrew Kirk ; Werner Ustorf
260 . ‡aGrand Rapids, Michigan / Cambridge, U.K. ‡bWilliam B. Eerdmans Publishing Company ‡c2002
300 . ‡a325 p.
653 . ‡aThe Way of Mission after Newbigin
700 . ‡76885 ‡aHunsberger, George R.
700 . ‡76886 ‡aKirk, J.Andrew
8524 . ‡bETS ‡bETS ‡cVolný výběr ‡j266 ‡gA ‡p424470011715
910 . ‡aABG450
999 . ‡a8114 ‡bAUTOGEN ‡c8114 ‡tbiblio
905 . ‡uadmin
901 . ‡a33699 ‡b ‡c33699 ‡tbiblio ‡sets

Additional Resources